Central Library OPAC University of Rajshahi

Demographic survey of six rural communities / (Record no. 66586)

MARC details
000 -LEADER
fixed length control field 00865nam a2200253 a 4500
001 - CONTROL NUMBER
control field 66586
003 - CONTROL NUMBER IDENTIFIER
rucl marc code BD-RjUL
005 - DATE AND TIME OF LATEST TRANSACTION
control field 20211209081546.0
008 - FIXED-LENGTH DATA ELEMENTS--GENERAL INFORMATION
fixed length control field 170318s1959 ii 000 0 eng u
035 ## - SYSTEM CONTROL NUMBER
System control number (BD-RjUL)66716
040 ## - CATALOGING SOURCE
Original cataloging agency ULL
Modifying agency UKM
-- EQO
Language of cataloging eng
Transcribing agency BD-RjUL
041 ## - LANGUAGE CODE
Language code of text/sound track or separate title eng
082 ## - DEWEY DECIMAL CLASSIFICATION NUMBER
Edition number 23
Classification number 304.6054
Author mark and year DAD 1969
100 1# - MAIN ENTRY--PERSONAL NAME
Personal name Dandekar, Kumudini.
9 (RLIN) 197098
245 10 - TITLE STATEMENT
Title Demographic survey of six rural communities /
Statement of responsibility, etc. Kumudini Dandekar
260 ## - PUBLICATION, DISTRIBUTION, ETC. (IMPRINT)
Place of publication, distribution, etc. Poona :
Name of publisher, distributor, etc. Gokhale Institute of Politics & Economics ;
Date of publication, distribution, etc. c1959
300 ## - PHYSICAL DESCRIPTION
Pagination xiv, 142 p. :
Illustrations ill. ;
Size 26 cm
650 #0 - SUBJECT ADDED ENTRY--TOPICAL TERM
Topical term or geographic name as entry element Villages
Geographic subdivision India
General subdivision Case studies
9 (RLIN) 12747
651 #0 - SUBJECT ADDED ENTRY--GEOGRAPHIC NAME
Geographic name India
General subdivision Rural conditions
-- Case studies
9 (RLIN) 103810
Geographic name India
General subdivision Population
9 (RLIN) 197099
710 2# - ADDED ENTRY--CORPORATE NAME
Corporate name or jurisdiction name as entry element Gokhale Institute of Politics and Economics.
9 (RLIN) 197100
830 #0 - SERIES ADDED ENTRY--UNIFORM TITLE
Uniform title Gokhale Institute studies ;
Volume number/sequential designation no.37
942 ## - ADDED ENTRY ELEMENTS (KOHA)
Source of classification or shelving scheme Dewey Decimal Classification
Koha item type Books
Holdings
Lost status Source of classification or shelving scheme Damaged status Not for loan Collection code Permanent Location Current Location Shelving location Date acquired Source of acquisition Cost, normal purchase price Total Checkouts Full call number Date last seen Copy number Koha item type
  Dewey Decimal Classification   Not For Loan Non-fiction Central Library, University of Rajshahi Central Library, University of Rajshahi Reading Room 10/09/1964 Zeithinger 21.00   304.6054 DAD 1969 18/03/2017 C-1 Books